Belgium - Sudden Death - Statistics

General Stats
  • This quiz has been taken 75 times
  • The average score is 5 of 10
Answers on the Grid
Answers color-coded by a green-red scale on the quiz's grid according to % correct below.
About 50% of population is urban
Borders Atlantic Ocean
Borders Germany
Capital is Brussels
Fries were invented here
Had first female head of state
Highest divorce rate of any country
Highest gas prices of any country
Hosts EU headquarters
Hosts NATO headquarters
Most chocolate exports of any country
Most famous statue is a peeing boy
Never hosted Olympics
Official language is Belgian
Part of Benelux
Quizmaster's favorite country
Saxophone was invented here
Site of Napoleon's final battle
Smurfs were invented here
Split into two regions
 
Answer Stats
Answer % Correct
Capital is Brussels
92%
Borders Germany
79%
Hosts EU headquarters
58%
Fries were invented here
53%
Part of Benelux
53%
Most famous statue is a peeing boy
47%
Hosts NATO headquarters
42%
Smurfs were invented here
28%
Site of Napoleon's final battle
26%
Saxophone was invented here
19%
No matching quizzes found
Score Distribution
Percent of People with Each Score
Percentile by Number Answered
Your Score History
You have not taken this quiz